Statistics for Capitals of the World List

Click here to take the quiz!

General Stats

  • This quiz has been taken 17 times
  • The average score is 92 of 195

Answer Stats

CountryCapitol% Correct
ArgentinaBuenos Aires
93%
AlgeriaAlgiers
87%
AfghanistanKabul
87%
AndorraAndorra La Vella
80%
ChinaBeijing
80%
AustraliaCanberra
80%
AustriaVienna
80%
AngolaLuanda
73%
MexicoMexico City
73%
BahamasNassau
73%
CanadaOttawa
73%
FranceParis
73%
AlbaniaTirana
73%
United States of AmericaWashington D.C
73%
GreeceAthens
67%
AzerbaijanBaku
67%
BelgiumBrussels
67%
BangladeshDhaka
67%
United KingdomLondon
67%
SpainMadrid
67%
JapanTokyo
67%
ArmeniaYerevan
67%
NetherlandsAmsterdam
60%
ThailandBangkok
60%
BelizeBelmopan
60%
BrazilBrasilia
60%
BarbadosBridgetown
60%
GuatemalaGuatemala City
60%
VietnamHanoi
60%
ZimbabweHarare
60%
JamaicaKingston
60%
Saint Vincent and the GrenadinesKingstown
60%
MalaysiaKuala Lumpur
60%
UkraineKyiv
60%
BahrainManama
60%
RussiaMoscow
60%
NorwayOslo
60%
HaitiPort-au-Prince
60%
Sao Tome and PrincipeSao Tome
60%
SwedenStockholm
60%
TaiwanTaipei
60%
TunisiaTunis
60%
ParagayAsuncion
53%
IraqBaghdad
53%
Central African RepublicBangui
53%
SerbiaBelgrade
53%
GermanyBerlin
53%
SwitzerlandBern
53%
Guinea-BissauBissau
53%
ColombiaBogota
53%
SlovakiaBratislava
53%
VenezuelaCaracas
53%
MoldovaChisinau
53%
QatarDoha
53%
BotswanaGaborone
53%
CubaHavana
53%
PakistanIslamabad
53%
SudanKhartoum
53%
Democratic Republic of the CongoKinshasa
53%
KuwaitKuwait City
53%
BoliviaLa Paz
53%
PeruLima
53%
PortugalLisbon
53%
MaldivesMale
53%
Marshall Islands | PhillippinesManila
53%
OmanMuscat
53%
ChadN'Djamena
53%
IndiaNew Delhi
53%
PanamaPanama City
53%
CambodiaPhnom Penh
53%
Papau New GuineaPort Moresby
53%
Trinidad and TobagoPort of Spain
53%
North KoreaPyongyang
53%
EcuadorQuito
53%
MoroccoRabat
53%
LatviaRiga
53%
Saudi ArabiaRiyadh
53%
ItalyRome
53%
Antigua and BarbudaSaint John's
53%
Bosnia and HerzegovinaSarajevo
53%
South KoreaSeoul
53%
MaltaValletta
53%
CroatiaZagreb
53%
JordanAmman
47%
TurkeyAnkara
47%
MadagascarAntananarivo
47%
TurkmenistanAshgabat
47%
Saint Kitts and NevisBasseterre
47%
LebanonBeirut
47%
KyrgyzstanBishkek
47%
RomaniaBucharest
47%
HungaryBudapest
47%
DenmarkCopenhagen
47%
SenegalDakar
47%
SyriaDamascus
47%
IrelandDublin
47%
BurundiGitega
47%
IsraelJerusalem
47%
UgandaKampala
47%
NepalKathmandu
47%
RwandaKigali
47%
MalawiLilongwe
47%
TogoLome
47%
SomoliaMogadishu
47%
LiberiaMonrovia
47%
UrugayMontevideo
47%
BeninPorto-Novo
47%
KosovoPristina
47%
IcelandReykjavik
47%
DominicaRoseau
47%
YemenSana'a
47%
Costa RicaSan Jose
47%
El SalvadorSan Salvador
47%
ChileSantiago
47%
EstoniaTallinn
47%
UzbekistanTashkent
47%
IranTehran
47%
BhutanThimphu
47%
LibyaTripoli
47%
MongoliaUlaanbaatar
47%
LiechtensteinVaduz
47%
SeychellesVictoria
47%
LithuaniaVilnius
47%
PolandWarsaw
47%
New ZealandWellington
47%
NamibiaWindhoek
47%
CameroonYaounde
47%
GhanaAccra
40%
EthiopiaAddis Ababa
40%
KazakhstanAstana
40%
GambiaBanjul
40%
Republic of the CongoBrazzaville
40%
Saint LuciaCastries
40%
East TimorDili
40%
TanzaniaDodoma
40%
Sierra LeoneFreetown
40%
TuvaluFunafuti
40%
GuyanaGeorgetown
40%
IndonesiaJakarta
40%
South SudanJuba
40%
SloveniaLjubljana
40%
ZambiaLusaka
40%
NicaraguaManagua
40%
EswatiniMbabane
40%
ComorosMoroni
40%
KenyaNairobi
40%
NigerNiamey
40%
CyprusNicosia
40%
Burkina FasoOuagadougou
40%
Czech RepublicPrague
40%
Cape VerdePraia
40%
GrenadaSaint George's
40%
Dominican RepublicSanto Domingo
40%
North MacedoniaSkopje
40%
GeorgiaTbilisi
40%
NigeriaAbuja
33%
SamoaApia
33%
EritreaAsmara
33%
MaliBamako
33%
BruneiBandar Seri Begawan
33%
DjibotuiDjibouti City
33%
TajikistanDushanbe
33%
GabonLibreville
33%
LesothoMaseru
33%
MonacoMonaco City
33%
MauritaniaNouakchott
33%
TongaNuku'alofa
33%
SurinameParamaribo
33%
MauritiusPort Louis
33%
VanatuPort Vila
33%
SingaporeSingapore City
33%
HondurasTegucigalpa
33%
LaosVientiane
33%
Ivory CoastYamoussoukro
33%
United Arab EmiratesDubai
27%
Solomon IslandsHoniara
27%
Equatorial GuineaMalabo
27%
MozambiqueMaputo
27%
BulgariaNaypyidaw
27%
PalauNgerulmud
27%
MicronesiaPalikir
27%
Puerto RicoSan Juan
27%
San MarinoSan Marino City
27%
Sri LankaColombo
20%
KiribatiTarawa
20%
LuxemborgLuxemborg City
13%
BelarusMinsk City
7%
EgyptCario
0%
GuineaConarky
0%
FijiLevuka
0%
MyanmarNaypyitaw
0%
MontenegroPodgorcia
0%
South AfricaPretoria's
0%
FinlandTurku
0%

Score Distribution

Percentile by Number Answered

Percent of People with Each Score

Your Score History

You have not taken this quiz